• 首页
  • 本馆介绍
  • 公告通知
  • 最新文献
  • 馆藏检索
  • 电子资源
  • 读者导购
  • 参考咨询
  • 我的图书馆
  • 登录
  • 详细信息显示
  • 放入我的书架
  • 预约/预借图书
  • 作者相关作品
  • 分类相关作品
  • 丛书相关作品
  • 出版社相关作品

书目信息

  • 表格格式
  • 工作单格式
  • 卡片格式
题名:
钢铁标准化实用手册
    
 
作者: 王丽敏 主编
分册:  
出版信息: 北京   冶金工业出版社  2014
页数: 264页
开本: 26cm
丛书名:
单 册:
中图分类: TF4-65
科图分类:
主题词: 钢铁工业--Gang Tie Gong Ye--工业产品--标准化--中国--手册
电子资源:
ISBN: 978-7-5024-6616-9
000 00942nam0 2200241 450
001 012001003774
005 20131105155623.0
010    @a978-7-5024-6616-9@dCNY68.00
099    @aCAL 012014118170
100    @a20141008d2014 em y0chiy50 ea
101 0  @achi
102    @aCN@b110000
105    @aak z 000yy
106    @ar
200 1  @a钢铁标准化实用手册@AGang Tie Biao Zhun Hua Shi Yong Shou Ce@f王丽敏主编
210    @a北京@c冶金工业出版社@d2014
215    @a264页@c图@d26cm
330    @a本书介绍了标准化是组织现代化生产的重要手段,是科学管理的重要组成部分。搞好标准化对促进市场经济的发展,保证产品和工程建设质量,都有着重要作用。主要内容包括:标准化概述、标准的编写规则和制定程序、合格评定程序以及钢铁产品标准常用术语等。
606 0  @a钢铁工业@AGang Tie Gong Ye@x工业产品@x标准化@y中国@j手册
690    @aTF4-65@v4
701  0 @a王丽敏@AWang Li Min@4主编
801  0 @aCN@b上海新华@c20191020
905    @b1206598-601@dTF4-65@e53@f4
    
    钢铁标准化实用手册/王丽敏主编.-北京:冶金工业出版社,2014
    264页:图;26cm
    
    
    ISBN 978-7-5024-6616-9:CNY68.00
    本书介绍了标准化是组织现代化生产的重要手段,是科学管理的重要组成部分。搞好标准化对促进市场经济的发展,保证产品和工程建设质量,都有着重要作用。主要内容包括:标准化概述、标准的编写规则和制定程序、合格评定程序以及钢铁产品标准常用术语等。
●
相关链接 在E读中查询图书 在五车中查询图书 在当当中查询图书 在豆瓣中查询图书


正题名:钢铁标准化实用手册     索取号:TF4-65/53         预约/预借

序号 登录号 条形码 馆藏地/架位号 状态 备注
1 1206598   212065986   第二样本阅览室/ [索取号:TF4-65/53] 在馆    
2 1206599   212065995   第三借阅区/ [索取号:TF4-65/53] 在馆    
3 1206600   212066002   第三借阅区/ [索取号:TF4-65/53] 在馆    
4 1206601   212066011   第三借阅区/ [索取号:TF4-65/53] 在馆    
唐山师范学院图书馆 欢迎您!
大连网信软件有限公司© 版权所有